[Event "POLFINAL MISTRZOSTW POLSKI JUNIOROW 2017 - C15"]
[Site "Jastrzebia Gora"]
[Date "2017-11-19"]
[Round "9.22"]
[White "Jankowski, Igor"]
[Black "Seredyn, Dominik"]
[Result "1-0"]
[WhiteTitle "II"]
[BlackTitle "II"]
[WhiteElo "1409"]
[BlackElo "1472"]

1. d4 Nf6 2. Bg5 c5 3. Bxf6 exf6 4. e3 d5 5. Nf3 Nc6 6. Be2 Bf5 7. O-O c4 8. Re1
Nb4 9. Na3 Be7 10. Nh4 Be6 11. Bg4 O-O 12. e4 dxe4 13. Rxe4 Bd5 14. Re3 Bd6 15.
Nf5 Bf4 16. Ne7+ Kh8 17. Nxd5 Nxd5 18. Rh3 Qc7 19. Bf5 g6 20. Qf3 Ne7 21. Nb5
Qb8 22. Be4 a6 23. Nc3 Rg8 24. Nd5 Nxd5 25. Bxd5 Rg7 26. Bxc4 b5 27. Bd3 Ra7 28.
g3 Bg5 29. Qg2 f5 30. f4 Bf6 31. c3 Qd6 32. Rf1 Re7 33. g4 fxg4 34. Qxg4 Rg8 35.
Rhf3 Re6 36. Kh1 Qd5 37. f5 Re3 38. Bb1 Rge8 39. Bc2 Re2 40. Bb3 Qd6 41. R3f2
R2e4 42. Qg1 Bh4 43. Rg2 g5 44. Bxf7 Rf8 45. Be6 Rf4 46. d5 h5 47. Rxf4 Qxf4 48.
Qd4+ Qxd4 49. cxd4 g4 50. d6 Bf6 51. d5 Kh7 52. Rc2 Kh6 53. b3 Kg5 54. Rc6 a5
55. Rc5 Kf4 56. Rxb5 Bd8 57. a4 h4 58. b4 axb4 59. Rxb4+ Kf3 60. Kg1 Bg5 61. d7
Be3+ 62. Kf1 g3 63. hxg3 hxg3 64. Rg4 Kxg4 65. Kg2 Rb8 66. f6+ Kf4 67. Bh3 Bd4
68. f7 Be3 69. a5 Bd4 70. d6 Bg7 71. a6 Bf8 72. a7 Rd8 73. Kf1 Bxd6 74. Bg2 Be7
75. a8=Q Rxa8 76. Bxa8 Ke5 77. f8=Q 1-0

[Event "POLFINAL MISTRZOSTW POLSKI JUNIOROW 2017 - C15"]
[Site "Jastrzebia Gora"]
[Date "2017-11-19"]
[Round "9.24"]
[White "Lesniak, Kacper"]
[Black "Wilgosz, Jan"]
[Result "1/2-1/2"]
[WhiteTitle "II"]
[BlackTitle "II"]
[WhiteElo "1350"]
[BlackElo "1144"]

1. e4 e5 2. Nf3 Nc6 3. Bc4 Nf6 4. d3 Bc5 5. Nc3 d6 6. Bg5 h6 7. Bh4 g5 8. Nxg5
hxg5 9. Bxg5 Rg8 10. h4 Bb4 11. Qf3 Nd4 12. Qxf6 Qxf6 13. Bxf6 Nxc2+ 14. Kd2 Nxa1
15. g3 Be6 16. Rxa1 Bxc4 17. dxc4 Rg6 18. Bg5 f6 19. Be3 O-O-O 20. Ke2 Bxc3 21.
bxc3 c5 22. Rb1 Rf8 23. Rd1 Kc7 24. Rg1 Rb8 25. Rb1 Kc6 26. a4 a6 27. Kf3 Rh8
28. Rb2 Rh7 29. Rb1 Kc7 30. Rd1 Kc6 31. Rb1 Rgg7 32. a5 Rg8 33. Rb6+ Kc7 34. Rb1
Rb8 35. Rb6 1/2-1/2

[Event "POLFINAL MISTRZOSTW POLSKI JUNIOROW 2017 - C15"]
[Site "Jastrzebia Gora"]
[Date "2017-11-19"]
[Round "9.25"]
[White "Sandomierski, Cyprian"]
[Black "Dziodko, Mateusz"]
[Result "1/2-1/2"]
[WhiteTitle "II"]
[BlackTitle "II"]
[WhiteElo "1257"]
[BlackElo "1075"]

1. d4 e6 2. c4 d5 3. Nc3 Bb4 4. e3 Nf6 5. a3 Bxc3+ 6. bxc3 O-O 7. cxd5 exd5 8.
Bd3 h6 9. Nf3 Bg4 10. Rb1 b6 11. O-O Nh7 12. Qc2 Nf6 13. Ne5 Nbd7 14. Nxg4 Nxg4
15. a4 Qe7 16. Qb3 Qd6 17. g3 Ngf6 18. Ba3 c5 19. Ba6 Qc7 20. Qa2 Ne4 21. Rfc1
Qc6 22. Bb5 Qd6 23. c4 dxc4 24. Rxc4 Rfc8 25. d5 Nef6 26. Bc6 Rab8 27. Rc2 Ne5
28. Bb5 Qxd5 29. Qxd5 Nxd5 30. Bb2 Ng6 31. Rd2 Nc7 32. Rd7 Nf8 33. Re7 Ng6 34.
Rd7 1/2-1/2